Portfolio management : a practical guide /

Bibliographic Details
Main Author: Florence, Mike, (Author)
Format: eBook
Language:English
Published: Princes Risborough, Buckinghamshire, England : Association for Project Management, [2019]
Subjects:
Online Access:Click to View
LEADER 01629nam a2200385 i 4500
001 EBC6348565
003 MiAaPQ
005 20201208153114.0
006 m o d |
007 cr cnu||||||||
008 201208s2019 enka o 000 0 eng d
020 |z 1903494869 
020 |a 9781903494875 (e-book) 
020 |z 9781903494868 
035 |a (MiAaPQ)EBC6348565 
035 |a (Au-PeEL)EBL6348565 
035 |a (OCoLC)1195920857 
040 |a MiAaPQ  |b eng  |e rda  |e pn  |c MiAaPQ  |d MiAaPQ 
050 4 |a HG4529.5  |b .F567 2019 
082 0 |a 332.6  |2 23 
100 1 |a Florence, Mike,  |e author. 
245 1 0 |a Portfolio management :  |b a practical guide /  |c Mike Florence [and six others]. 
264 1 |a Princes Risborough, Buckinghamshire, England :  |b Association for Project Management,  |c [2019] 
264 4 |c 2019 
300 |a 1 online resource (71 pages) :  |b illustrations 
336 |a text  |b txt  |2 rdacontent 
337 |a computer  |b c  |2 rdamedia 
338 |a online resource  |b cr  |2 rdacarrier 
588 |a Description based on print version record. 
590 |a Electronic reproduction. Ann Arbor, MI : ProQuest, 2018. Available via World Wide Web. Access may be limited to ProQuest affiliated libraries. 
650 0 |a Portfolio management. 
655 4 |a Electronic books. 
776 0 8 |i Print version:  |a Florence, Mike.  |t Portfolio management : a practical guide.  |d Princes Risborough, Buckinghamshire, England: Association for Project Management, c2019   |h 71 pages   |z 9781903494868   |w (DLC) 2019458338 
797 2 |a ProQuest (Firm) 
856 4 0 |u https://ebookcentral.proquest.com/lib/matrademy/detail.action?docID=6348565  |z Click to View